Schlesien 1945
| Titel: | Schlesien 1945 : der Krieg im Südosten des Deutschen Reiches / Richard Lakowski |
|---|---|
| Verfasser: | |
| Veröffentlicht: | Hamburg : Mittler, [2019] |
| Umfang: | 278 Seiten : Illustrationen, Karten ; 25 cm, 719 g |
| Format: | Buch |
| Sprache: | Deutsch |
| ISBN: | 9783813209945 ; 3813209946 |
| Hinweise zum Inhalt: |
Inhaltsverzeichnis
|
alg: 45550224 001A $06000:14-11-19 001B $03004:14-01-21 $t11:40:11.000 001D $00043:26-05-20 001U $0utf8 001X $00 002@ $0Aau 002C $aText $btxt $2rdacontent 002D $aohne Hilfsmittel zu benutzen $bn $2rdamedia 002E $aBand $bnc $2rdacarrier 003@ $0455502242 003O $01103677717 $aOCoLC 004A $A978-3-8132-0994-5 $fFesteinband : EUR 24.95 (DE), EUR 25.60 (AT), CHF 29.90 (freier Preis) 004A $03-8132-0994-6 004K $09783813209945 006C $01103677717 $aOCoLC 006G $01187609234 006H $0TOCNEUA1946 $2DNB 006T $019,N23 006U $020,A17 $f20190601 007A $01187609234 $aDNB 007G $0DE006D8739BB0213877CCC12585DE00229B6A 009P $qapplication/pdf $A2 $3Inhaltsverzeichnis $uhttp://scans.hebis.de/HEBCGI/show.pl?45550224_toc.pdf $mV:DE-603;B:DE-30 010@ $ager 010E $erda 011@ $a2019 $n[2019] 011F $n© 2019 017A $asf 021A $aSchlesien 1945 $dder Krieg im Südosten des Deutschen Reiches $hRichard Lakowski 028A $BVerfasser $#Lakowsky, Richard $4aut $712126758X $8Lakowski, Richard$Z1938- [Tp3] $9152682694 033A $pHamburg $01065139365 $nMittler 034D $a278 Seiten 034I $a25 cm, 719 g 034M $aIllustrationen, Karten 044K $RWeltgeschichte $RWeltkrieg $#World War, 1939-1945 $#Guerre mondiale (1939-1945) $#Zweiter Weltkrieg $#2. Weltkrieg $74079167-1 $8Weltkrieg$g1939-1945 [Tsz] $9085224618 044K $RKrieg $#War Termination $#Guerre Fin $#Kriegsende $#Krieg Ende $74114316-4 $8Kriegsende [Ts1] $9085341592 044K $RPolen $RNiederschlesien $ROberschlesien $RNiederschlesien $ROberschlesien $#Schlesien $#Schlesien $#Herzogtum Schlesien $#Herzogtum Schlesien Schlesien $#Provinz Schlesien $#Śla̜sk $#Slezsko $#Silesia $74052678-1 $8Schlesien [Tg1] $9085146781 044K $RRüstung $#Militari $#Militär $#Militär $#Heerwesen $#Kriegswesen $#Streitkräfte $#Wehrwesen $#Militärwesen $#Armee Militär $74039305-7 $8Militär [Tsz] $9085107107 044K $RRossijskaja Social'-Demokratičeskaja Rabočaja Partija (Bol'ševikov) $RRussische SFSR $RSowjetunion $#Raboče-Krestʹjanskaja Krasnaja Armija Sowjetunion $#Sowjetunion, Krasnaja Armija $#Krasnaja Armija Sowjetunion $#Sowjetunion, Red Army $#Red Army Sowjetunion $#Sowjetunion, Armée rouge $#Armée rouge Sowjetunion $#Sowjetunion, Rote Armee $#Rote Armee Sowjetunion $#RKKA SSSR $7130443-4 $8Sowjetunion$bRaboče-Krestʹjanskaja Krasnaja Armija [Tb1] $9040793427 045E $c940 045F $a943.85053 $eDDC22ger 045F/01 $a943.8053 045F/03 $g4385 045G $a355.009438509044 $eDDC23BSB 045G/01 $a355.009 045G/03 $f09044 045G/03 $g4385 045R $aGeschichte 1944-1945 lok: 45550224 3 101B $014-08-20 $t10:56:48.000 101C $014-08-20 101U $0utf8 145S/01 $a039 exp: 45550224 3 1 #EPN 201B/01 $014-08-20 $t10:56:48.000 201C/01 $010-08-20 201U/01 $0utf8 203@/01 $01117782840 208@/01 $a14-08-20 $bzAa 209A/01 $a91.187.63 $du $f000 $h91 187 63 $x00 209G/01 $a91187639 $x00 247C/01 $8601000-3 <30>Frankfurt, Universitätsbibliothek J. C. Senckenberg, Zentralbibliothek (ZB) $9102598258 lok: 45550224 11 exp: 45550224 11 1 #EPN 201B/01 $026-05-20 $t09:52:55.000 201C/01 $012-05-20 201U/01 $0utf8 203@/01 $01105720675 208@/01 $a26-05-20 $bz 209A/01 $a60 20 A 167 $du $f100 $x00 209B/01 $a020/2005 $x05 209G/01 $a84163236 $x00 247C/01 $8620100-3 <43>Wiesbaden, Hochschul- und Landesbibliothek RheinMain, Rheinstraße $9102599572 lok: 45550224 24 exp: 45550224 24 1 #EPN 201B/01 $015-01-21 $t09:17:04.000 201C/01 $009-12-20 201U/01 $0utf8 203@/01 $01132990955 208@/01 $a15-01-21 $bz 209A/01 $a20.05686 $du $f050 $h20 05686 $x00 209C/01 $a20.05686 K $h20 05686 K 209G/01 $a74454364 $x00 220C/01 $ahae 247C/01 $8358050-7Marburg, Bibliothek des Herder-Instituts Marburg $9102600961 lok: 45550224 78 exp: 45550224 78 1 #EPN 201B/01 $011-06-21 $t14:26:07.000 201C/01 $011-06-21 201U/01 $0utf8 203@/01 $01157594255 208@/01 $a11-06-21 $be 209A/01 $a/ $f000 $x00 209A/01 $ab*p $x01 220C/01 $apgar 244Z/01 $#Generalgouvernement Polen $#Polska $#Rzeczpospolita Polska $#Polska Rzeczpospolita Ludowa $#Poland $#Pologne $#République Polonaise $#Generalne Gubernatorstwo w Polsce $#Polish People's Republic $#Polska Rzeczpospolita Polen $#PRL $#RP $#Polen Generalgouvernement $#Polska Generalgouvernement $#Besetzte Polnische Gebiete $#Besetztes Gebiet in Polen $#Okupowane Polskie Obszary $#Obszary Okupowane w Polsce $#Volksrepublik Polen $#Polska Rosyjska $#Republic Polen $#Respublika Pol'ša $#Pol'skaja Narodnaja Respublika $#République de Pologne $#Polen Links der Weichsel $#Polska po Lewej Stronie Wisły $#Lenkija $#Polija $#Gubernija Carstva Pol'skago $#Republik Polen $74046496-9 $8--Tg1--Polen $x01 $9085129801 244Z/01 $#Schlesien $#Schlesien $#Herzogtum Schlesien $#Herzogtum Schlesien Schlesien $#Provinz Schlesien $#Śla̜sk $#Slezsko $#Silesia $74052678-1 $8--Tg1--Schlesien $x02 $9085146781 247C/01 $82080>Marburg/Lahn, Herder-Institut, Forschungsbibliothek, Bibliographieportal $9336309341
| LEADER | 00000cam a2200000 c 4500 | ||
|---|---|---|---|
| 001 | 455502242 | ||
| 003 | DE-603 | ||
| 005 | 20210114114011.0 | ||
| 007 | tu | ||
| 008 | 191114s2019 xx |||| | u00||u|ger | ||
| 015 | |a 20,A17 |z 19,N23 |2 dnb | ||
| 016 | 7 | |2 DE-101 |a 1187609234 | |
| 020 | |a 9783813209945 |c Festeinband : EUR 24.95 (DE), EUR 25.60 (AT), CHF 29.90 (freier Preis) | ||
| 020 | |a 3813209946 | ||
| 024 | 3 | |a 9783813209945 | |
| 035 | |a (DE-599)DNB1187609234 | ||
| 035 | |a (OCoLC)1103677717 | ||
| 040 | |a DE-603 |b ger |c DE-603 |d DE-603 |e rda | ||
| 041 | |a ger | ||
| 082 | 0 | 4 | |8 1\u |a 943.85053 |q DE-101 |2 22/ger |
| 083 | 0 | |8 2\u |a 355.009438509044 |q DE-101 |2 23/BSB | |
| 084 | |a 940 |q DE-101 |2 sdnb | ||
| 085 | |8 1\u |b 943.8053 | ||
| 085 | |8 1\u |z 2 |s 4385 | ||
| 085 | |8 2\u |b 355.009 | ||
| 085 | |8 2\u |z 1 |s 09044 | ||
| 085 | |8 2\u |z 2 |s 4385 | ||
| 090 | |a b | ||
| 100 | 1 | |a Lakowski, Richard |d 1938- |e Verfasser |4 aut |0 (DE-603)152682694 |0 (DE-588)12126758X |2 gnd | |
| 245 | 0 | 0 | |a Schlesien 1945 |b der Krieg im Südosten des Deutschen Reiches |c Richard Lakowski |
| 264 | 1 | |a Hamburg |b Mittler |c [2019] | |
| 264 | 4 | |c © 2019 | |
| 300 | |a 278 Seiten |b Illustrationen, Karten |c 25 cm, 719 g | ||
| 336 | |a Text |b txt |2 rdacontent | ||
| 337 | |a ohne Hilfsmittel zu benutzen |b n |2 rdamedia | ||
| 338 | |a Band |b nc |2 rdacarrier | ||
| 610 | 1 | 7 | |a Sowjetunion |b Raboče-Krestʹjanskaja Krasnaja Armija |2 gnd |0 (DE-588)130443-4 |0 (DE-603)040793427 |
| 648 | 7 | |a Geschichte 1944-1945 |2 gnd | |
| 650 | 7 | |a Weltkrieg |g 1939-1945 |0 (DE-588)4079167-1 |0 (DE-603)085224618 |2 gnd | |
| 650 | 7 | |a Kriegsende |0 (DE-588)4114316-4 |0 (DE-603)085341592 |2 gnd | |
| 650 | 7 | |a Militär |0 (DE-588)4039305-7 |0 (DE-603)085107107 |2 gnd | |
| 651 | 7 | |a Schlesien |0 (DE-588)4052678-1 |0 (DE-603)085146781 |2 gnd | |
| 856 | 4 | 2 | |m V:DE-603;B:DE-30 |q application/pdf |u http://scans.hebis.de/HEBCGI/show.pl?45550224_toc.pdf |3 Inhaltsverzeichnis |
| 924 | 0 | |9 30 |a (DE-603)1117782840 |b DE-30 |c HES |d c |g 91.187.63 | |
| 924 | 0 | |9 43 |a (DE-603)1105720675 |b DE-43 |c HES |d c |g 60 20 A 167 | |
| 924 | 0 | |9 Mb 50 |a (DE-603)1132990955 |b DE-Mb50 |c HES |d c |g 20.05686 | |
| 924 | 0 | |9 2080 |a (DE-603)1157594255 |b DE-2080 |c HES |d d |g / | |


